ბათუმის შოთა რუსთაველის სახელმწიფო უნივერსიტეტის ბიბლიოთეკა

მაღალი ძაბვის ტექნიკა, გადამეტძაბვა და მისგან დაცვა: ელექტრომაგნიტური რხევები და ტალღები სქემებში,ხაზებსა და ტრანსფორმატორებში : (ბიბ.ჩანაწერი № 39148)

000 -ლიდერი
ფიქსირებული სიგრძის საკონტროლო ველი 01335nam a2200229Ia 4500
001 - საკონტროლო ნომერი
საკონტროლო ველი 5731
003 - საკონტროლო ნომრის იდენტიფიკატორი
საკონტროლო ველი GE_BSU
005 - ბოლო ოპერაციის თარიღი და დრო
საკონტროლო ველი 20190621174420.0
008 - ფიქსირებული სიგრძის მონაცემთა ელემენტები - ზოგადი ინფორმაცია
ფიქსირებული სიგრძის საკონტროლო ველი 181216s1981|||| |||||||||||||| ||geo||
041 ## - ენის კოდი
Language code of text/sound track or separate title geo
080 ## - უნივერსალური ათობითი კლასიფიკაციის ინდექსი
Universal Decimal Classification number 621.3.027.3(076.5) ჟ-67
100 ## - მთავარი ჩანაწერი - პიროვნების სახელი
Personal name ჟვანია, თ.
9 (RLIN) 2751
245 ## - ცნობა სათაურის შესახებ
Title მაღალი ძაბვის ტექნიკა, გადამეტძაბვა და მისგან დაცვა: ელექტრომაგნიტური რხევები და ტალღები სქემებში,ხაზებსა და ტრანსფორმატორებში :
Remainder of title დამხმ. სახელმძღ : /
Statement of responsibility, etc თ. ჟვანია ; ნ. დიდია ; გ. ბაბუნაშვილი ; რედ : მ.ძიძიგური.
264 ## - წარმოების, გამოცემის, დისტრიბუციის და სხვა ცნობები
გამოცემის, წარმოების, დისტრიბუციის... ადგილი თბილისი :
გამოცემის, წარმოების, დისტრიბუციის... სახელწოდება სპი,
გამოცემის, წარმოების, დისტრიბუციის... თარიღი 1981.
300 ## - ფიზიკური აღწერა
Extent 75 გვ .:
Dimensions 20 სმ.
653 ## - INDEX TERM--UNCONTROLLED
Uncontrolled term მაღალი ძაბვის ტექნიკა, გადამეტძაბვა და მისგან დაცვა
653 ## - INDEX TERM--UNCONTROLLED
Uncontrolled term ტექნიკა
700 ## - ADDED ENTRY--PERSONAL NAME
Personal name დიდია,ნ
9 (RLIN) 2752
700 ## - ADDED ENTRY--PERSONAL NAME
Personal name ბაბუნაშვილი, გ
9 (RLIN) 2753
700 ## - ADDED ENTRY--PERSONAL NAME
Personal name ძიძიგური, მ
Relator term რედაქტორი
9 (RLIN) 472
942 ## - ADDED ENTRY ELEMENTS (KOHA)
Koha item type წიგნი
Source of classification or shelving scheme
ეგზემპლარები
ჩამოწერის სტატუსი დაკარგული ეგზემპლარის სტატუსი კლასიფიკაციის წყარო ან თაროზე გაწყობის სქემა დაზიანების სტატუსი არ გაიცემა მუდმივი მდებარეობა (დაცვის ადგილი) ამჟამინდელი ადგილსამყოფელი თაროზე განთავსების ადგილი შეძენის თარიღი ღირებულება, შესყიდვის ნორმალური ფასი სრული შენახვის შიფრი შტრიხკოდი ბოლო ოპერაციის თარიღი ეგზემპლარის მიმდევრობითი ნომერი (კეტერი?) ფასის ძალაში შესვლის თარიღი ეგზემპლარის სახეობა საჯარო შენიშვნა
          ტექნოლოგიური ფაკულტეტის ბიბლიოთეკა ტექნოლოგიური ფაკულტეტის ბიბლიოთეკა წიგნსაცავი 2018-12-17 0.00 621.3.027.3(076.5) ჟ-67 10746 2018-12-17 10746 2018-12-17 წიგნი 0,40 თ.
          ტექნოლოგიური ფაკულტეტის ბიბლიოთეკა ტექნოლოგიური ფაკულტეტის ბიბლიოთეკა წიგნსაცავი 2018-12-17 0.00 621.3.027.3(076.5) ჟ-67 10747 2018-12-17 10747 2018-12-17 წიგნი 0,40 თ.
          ტექნოლოგიური ფაკულტეტის ბიბლიოთეკა ტექნოლოგიური ფაკულტეტის ბიბლიოთეკა წიგნსაცავი 2018-12-17 0.00 621.3.027.3(076.5) ჟ-67 10748 2018-12-17 10748 2018-12-17 წიგნი 0,40 თ.
          ტექნოლოგიური ფაკულტეტის ბიბლიოთეკა ტექნოლოგიური ფაკულტეტის ბიბლიოთეკა წიგნსაცავი 2018-12-17 0.00 621.3.027.3(076.5) ჟ-67 10749 2018-12-17 10749 2018-12-17 წიგნი 0,40 თ.
          ტექნოლოგიური ფაკულტეტის ბიბლიოთეკა ტექნოლოგიური ფაკულტეტის ბიბლიოთეკა წიგნის კალათა 2018-12-17 0.00 621.3.027.3(076.5) ჟ-67 10750 2018-12-17 10750 2018-12-17 წიგნი 0,40 თ.